000
00322nam a2200121Ia 4500
008
211105s9999 xx 000 0 und d
020
_a
VYASA01253
100
_a
Nim lhamu sherpa
245
0
_a
Awareness of yoga as a career opportunity in higher secondary students
250
_a
\N
260
_b
Svyasa
_c
\N
300
_a
57 P
999
_c
14871
_d
14871